Statistiken für Katzenarten nennen

Klicken Sie hier um das Quiz zu spielen!

Allgemein

  • Dieses Quiz wurde 86 mal gespielt
  • Das Durchschnittsergebnis liegt bei 9 aus 41

Antwortstatistiken

Antwort% Korrekt
Tiger
91%
Löwe
88%
Puma
81%
Leopard
79%
Gepard
75%
Hauskatze
66%
Jaguar
60%
Ozelot
48%
Europäische Wildkatze
38%
Schneeleopard
38%
Serval
23%
Nebelparder
21%
Karakal
18%
Sandkatze
16%
Bengalkatze
14%
Eurasischer Luchs
14%
Fischkatze
14%
Manul
12%
Rotluchs
12%
Jaguarundi
8%
Marmorkatze
6%
Rostkatze
6%
Schwarzfußkatze
6%
Andenkatze
5%
Asiatische Goldkatze
5%
Kanadischer Luchs
5%
Pampaskatze
5%
Pardelluchs
4%
Borneo-Goldkatze
3%
Chilenische Waldkatze
3%
Sunda-Nebelparder
3%
Afrikanische Goldkatze
1%
Flachkopfkatze
1%
Graukatze
1%
Kleinfleckkatze
1%
Margay
1%
Nördliche Tigerkatze
1%
Rohrkatze
1%
Südliche Tigerkatze
1%
Sundakatze
1%
Felis lybica
0%

Verteilung der Resultate

Perzentil nach korrekt beantworteten Fragen

Anzahl Personen mit jedem Resultat

Ihre Resultats-Entwicklung

Sie haben dieses Quiz noch nicht gespielt